[Event "Charlotte Spring-A 2022"]
[Site "Charlotte"]
[Date "2022.03.20"]
[Round "7.3"]
[White "Guo, Arthur"]
[Black "Mista, Aleksander"]
[Result "1/2-1/2"]
[WhiteElo "2412"]
[BlackElo "2551"]
[Annotator "TA"]
[PlyCount "152"]
[EventDate "2022.03.16"]
[EventType "tourn"]
[EventCountry "USA"]
[SourceTitle "playchess.com"]
[Source "ChessBase"]
[SourceQuality "1"]

{[%evp 9,152,16,16,16,15,25,22,26,19,9,23,16,19,0,0,5,10,10,24,20,10,13,37,36,23,0,0,-76,-23,-23,0,-16,0,0,0,-53,-70,-71,-65,-75,-87,-83,-96,-93,-88,-299,-277,-285,-283,-334,-346,-335,-331,-289,-311,-296,-250,-566,-535,-856,0,0,0,-86,-141,-306,8,6,6,0,0,0,0,0,0,0,0,0,0,0,0,0,0,0,0,0,19,0,0,0,0,0,0,0,0,0,0,0,0,0,0,0,0,0,5038,996,5097,2177,3527,1925,5065,3990,1406,0,11,0,1370,1302,29947,29949,29957,29957,29950,2170,1185,106,984,497,980,976,629,821,519,0,0,0,0,0,0,0,0,0,0,0,0]} 1. e4 e5 2. Nf3 Nc6 3. Bc4 Bc5 4. d3 Nf6 5. a4 d6 6. a5 {C50: Hungarian Defence and Giuoco Pianissimo.} a6 7. c3 h6 8. O-O O-O 9. h3 Be6 10. Bxe6 fxe6 {[#]} 11. Be3 $146 ({Predecessor:} 11. b4 Ba7 12. Re1 Qe8 13. Be3 Nh5 14. g3 Rf6 15. Ra2 Qf7 16. Nbd2 Rf8 17. Kg2 {0-1 (58) Alekseenko,K (2699)-Zubov,A (2598) Chess.com INT 2021}) 11... Bxe3 12. fxe3 Qd7 13. Nbd2 Rae8 14. Qb3 Nd8 15. Rf2 g5 16. d4 exd4 17. Nxd4 Qh7 18. Nf5 (18. Raf1 $11 {remains equal.} Nxe4 19. Rxf8+ (19. Nxe6 Rxf2 20. Nxd8+ Kh8 $15) 19... Rxf8 20. Rxf8+ Kxf8 21. Nxe6+ Ke7 22. Nxe4) 18... Rf7 (18... Nd7 $17) 19. Ng3 $11 {[%cal Oe4e5]} Ref8 {[%cal Be8f8,Bf8f7,Bf7f3][%mdl 32]} 20. Qc4 h5 21. e5 d5 (21... dxe5 22. Nf3 Nd5 23. Nxg5 $1 Rxf2 24. Nxh7 Rxg2+ 25. Kh1 $16) 22. Qa4 (22. Qe2 $11 Nd7 23. Rxf7 Nxf7 24. e4 Nfxe5 25. exd5 exd5 26. Nxh5) 22... Nd7 $15 23. Rxf7 (23. Nf3 $2 Nc5 24. Qd4 Nb3 $17) 23... Rxf7 24. Nf3 Qg6 25. h4 gxh4 26. Qxh4 Nc6 27. Nxh5 $2 Rxf3 $1 $19 (27... Ncxe5 28. Nd4 $11) (27... Ndxe5 28. Nxe5 Nxe5 29. Ng3 $15) 28. Nf4 Qg3 29. Qh6 Ncxe5 30. Qxe6+ Kf8 $1 {[%cal Oe5g4]} 31. Qh6+ Ke8 (31... Kg8 $2 32. Qe6+ Kf8 33. Qh6+ Ke8 34. Qh5+ Kd8 35. Qh8+ Ke7 36. Qh7+ Ke8 37. Qh8+ Ke7 38. Qh7+ Kd6 39. Qh6+ Kc5 40. Qe6 Qf2+ 41. Kh1 Rxf4 42. exf4 Qxf4 43. Rd1 $19) 32. Qh8+ Ke7 {And now ...Ng4 would win.} 33. Nxd5+ $2 (33. Qh7+ Kd6 34. Qh6+ Kc5 35. Qe6 Qf2+ 36. Kh1 Rxf4 37. exf4 Qxf4 38. Rd1) 33... Kd6 34. Qh6+ {[#]} Kc5 $2 (34... Nf6 $1 $19 {[%mdl 512] ( -> ...Neg4)} 35. Nxf6 Qf2+ 36. Kh1 Rxf6) 35. Qe6 $11 {Threatening mate with b4+. Really sharp!} Qf2+ 36. Kh1 (36. Kh2 $11 {keeps the balance.} Qg3+ 37. Kh1 Qh4+ 38. Kg1 Qf2+ 39. Kh2 Qh4+ 40. Kg1 Qf2+) 36... Qxb2 $17 (36... Qh4+ $6 37. Kg1 Qf2+ 38. Kh2 Qh4+ 39. Kg1 Qf2+ $11) 37. Rd1 (37. Rg1 $2 Rf7 38. Nf4 Rh7+ 39. Nh3 Qc2 $19) (37. Qe7+ $17 Kb5 38. c4+ Kxc4 39. Rd1) 37... Rf7 $2 {[#]} (37... Rf8 $1 $19 {[%cal Rf8h8] Threatens to win with ...Rh8+.} 38. Nf6 Rh8+ 39. Kg1 Nf3+ $1 {[%mdl 512]} 40. gxf3 Qh2+ 41. Kf1 Qh1+ 42. Kf2 Rh2+ 43. Kg3 Rg2+ 44. Kf4 Qh6+ 45. Ke4 Nxf6+ 46. Kd3 Qh7+ 47. e4 Qd7+ 48. Qxd7 Nxd7) 38. Nf6 $1 $11 {[%csl Gd1,Gf6][%cal Re6d5]} Kb5 39. Rxd7 (39. Nxd7 $2 Rh7+ 40. Kg1 Nf3+ $1 {[%mdl 512]} 41. gxf3 Qh2+ 42. Kf1 Qh1+ 43. Ke2 (43. Kf2 $2 Rh2+ 44. Kg3 Qg2+ 45. Kf4 Rh4+ 46. Qg4 Rxg4+ 47. fxg4 Qf2+ 48. Kg5 Qxe3+ 49. Kg6 Qe4+ 50. Kg5 Qe3+ 51. Kg6 Qe4+ 52. Kg5 Qe3+ $19) 43... Rh2+ 44. Kd3 Qxd1+ 45. Ke4 Qc2+ 46. Kf4 Qxc3 47. Qd5+ Ka4 48. Nc5+ Ka3 $19) 39... Nxd7 40. Qxf7 Nxf6 41. Qxf6 {[%cal Oc3c4][%mdl 4096] Endgame White wants to mate with c4+! KQ-KQ} Qc1+ 42. Kh2 Qxe3 43. g4 Qe2+ 44. Kg3 Qe1+ 45. Kf4 Qd2+ 46. Kf5 Qd3+ ({Resist} 46... Kxa5 47. g5 Qd7+ 48. Qe6 Qd3+ 49. Qe4 Qh3+ 50. Kf6 $16) 47. Kg5 Qd2+ (47... Kxa5 $2 48. Qf5+ Qb5 49. c4 Qxf5+ 50. gxf5 $18) 48. Kh5 {Strongly threatening g5.} Qe2 49. Qf5+ c5 $1 50. Kg6 {Hoping for Kf6.} Qe8+ 51. Kh7 Qe7+ 52. Kh6 {aiming for g5.} Qd6+ 53. Kg7 Qe7+ 54. Kg6 Qe8+ 55. Kf6 Qh8+ 56. Kf7 {g5 is the strong threat.} Qxc3 $2 {[%mdl 8192]} (56... Qh3 $11) 57. g5 $18 {Black must now prevent g6.} Qc4+ 58. Kf8 $1 Qd4 59. g6 Qd8+ 60. Kf7 Qc7+ {[#]} 61. Kf8 $2 (61. Ke8 $1 $18 {Qd7+ would kill now.} Kxa5 62. Qf6) 61... Qd8+ $11 62. Kf7 $2 {[%mdl 8192]} (62. Kg7 $11) 62... Qc7+ $18 63. Ke8 Kxa5 64. Qf6 b6 65. g7 Qc8+ 66. Kf7 (66. Ke7 $142 Qc7+ 67. Ke6 Qc6+ 68. Ke5 Qh1 69. Qg6 (69. g8=Q Qa1+ 70. Kf5 Qb1+ 71. Kf4 Qf1+ 72. Ke5 Qa1+ 73. Kf5 Qb1+ 74. Kf4 Qf1+ 75. Ke5 Qa1+ $11) 69... Qh2+ 70. Ke6 Qa2+ 71. Ke7) 66... Qd7+ 67. Kg6 $2 (67. Kf8 $18 {has better winning chances. White threatens Qc3+ and mate.} Qc8+ 68. Ke7) 67... Qg4+ $2 {[%mdl 8192]} (67... Qd3+ $16 68. Kf7 Qd7+ 69. Kf8 Qc8+ 70. Ke7 Qc7+ 71. Ke6 Qc8+ 72. Ke5 Qe8+ 73. Qe6 Qa4) 68. Kh7 Qh5+ (68... Qe4+ $142 69. Kh8 (69. Qg6 Qh4+ 70. Kg8 Qf4 $18) 69... Qh1+ 70. Kg8 Kb4 71. Qxb6+ Kc3 72. Qxc5+ Kb3 73. Qb6+ Kc3 74. Qe3+ Kb2 75. Qe5+ Ka2 76. Qe2+ Ka1 77. Qe5+ Ka2 78. Qe6+ Kb2 79. Qxa6 Qd5+ 80. Kh7 Qe4+ 81. Qg6 Qh1+ 82. Qh6 Qe4+ 83. Kh8 Qe5) 69. Qh6 Qf5+ 70. Kh8 Qe5 {[#]} 71. Qh4 $2 (71. Qd2+ $1 $18 Ka4 72. Qh6) 71... b5 $11 {The position is equal.} 72. Qd8+ Ka4 73. Qd1+ Ka5 74. Kh7 Qf5+ 75. Kh6 Qf6+ 76. Kh7 Qf5+ {White used his chance.  Weighted Error Value: White=0.34/Black=0.19 (very precise)} 1/2-1/2

[Event "Charlotte Spring-A 2022"]
[Site "Charlotte"]
[Date "2022.03.20"]
[Round "7.4"]
[White "Liang, Jason"]
[Black "Bodek, Michael"]
[Result "0-1"]
[WhiteElo "2419"]
[BlackElo "2418"]
[Annotator "TA"]
[PlyCount "63"]
[EventDate "2022.03.16"]
[EventType "tourn"]
[EventCountry "USA"]
[SourceTitle "playchess.com"]
[Source "ChessBase"]
[SourceQuality "1"]

{[%evp 16,63,62,71,77,47,57,0,0,0,0,-18,-8,-108,-130,-168,-143,-335,-338,-366,-318,-547,-522,-602,-588,-736,-724,-930,-747,-1191,-727,-29962,-29964,-29960,-29959,-29938,-12847,-6465,-4857,-29952,-29954,-2304,-837,-29977,-29978,-29985,-29986,-29981,-29982,-29994]} 1. e4 {[%cal Be2e4,Be4e5][%mdl 32]} g6 2. d4 Bg7 3. Nc3 c6 4. Be3 d5 5. e5 f6 6. f4 Nh6 7. Nf3 Bg4 {7...Bg4 was played by the boomers.} 8. h3 {8.Be2 is not played anymore.} Bxf3 9. Qxf3 ({Much weaker is} 9. gxf3 Nf5 10. Bf2 Bh6 $15) 9... fxe5 {is the legacy move (9...0-0). B15: Caro-Kann: 3 Nc3: 3...g6 and 3...dxe4 4 Nxe4 Nf6 5 Nxf6+ exf6.} 10. fxe5 (10. dxe5 {keeps more tension.} O-O 11. Qe2 Qa5 12. a3 b5 13. Qd2) 10... Nf5 {Strongly threatening ...0-0.} 11. g4 ({White should play} 11. O-O-O $14) 11... Nxe3 $11 {The position is equal.} 12. Qxe3 e6 {[%cal Oc6c5]} 13. h4 c5 {[%cal Bc6c5,Bc5d4][%mdl 32]} 14. Nb5 ({Reject} 14. dxc5 d4 15. Bb5+ Nc6 16. Bxc6+ bxc6 $17) (14. Ne2 $11) 14... O-O $17 {[#] Threatens to win with ...a6.} 15. O-O-O $146 {[#]} ({Predecessor:} 15. c3 Nc6 16. O-O-O a6 17. Nd6 cxd4 18. cxd4 Qb6 19. h5 Nxe5 20. hxg6 hxg6 21. Kb1 {½-½ (30) Lanka,Z (2535)-Hodgson,J (2570) Germany 1994}) 15... a6 $1 16. Nd6 (16. Na3 $17) 16... cxd4 $19 17. Qb3 Bxe5 18. Nxb7 (18. Nc4 {was necessary.} dxc4 19. Bxc4) 18... Qc7 {...Ra7 is the strong threat.} 19. g5 Ra7 20. Qh3 Rxb7 21. Qxe6+ Kh8 {[%cal Od4d3]} 22. Bd3 Nd7 {( -> ...Bf4+)} 23. Qxd5 Bf4+ 24. Kb1 {[#]} Rxb2+ $3 {[%mdl 512]} 25. Kxb2 Rb8+ 26. Qb3 Rxb3+ 27. axb3 Qc3+ 28. Ka2 Bd6 (28... Nc5 $142 29. Rhf1 Nxd3 30. cxd3 Qc2+ 31. Ka1 {[#]} Qxb3 $1) 29. h5 Ne5 {Black mates.} 30. Rc1 Qa5+ 31. Kb1 Bb4 32. Rcf1 {Black took control after the opening.  Weighted Error Value: White=1.94/Black=0.57} 0-1

[Event "Charlotte Spring-A 2022"]
[Site "Charlotte"]
[Date "2022.03.20"]
[Round "7.5"]
[White "Korley, Kassa"]
[Black "Lee, Michael"]
[Result "1/2-1/2"]
[WhiteElo "2399"]
[BlackElo "2379"]
[Annotator "TA"]
[PlyCount "47"]
[EventDate "2022.03.16"]
[EventType "tourn"]
[EventCountry "USA"]
[SourceTitle "playchess.com"]
[Source "ChessBase"]
[SourceQuality "1"]

{[%evp 12,47,29,11,8,0,0,0,0,0,0,0,0,0,0,0,0,0,0,0,2,-20,0,0,0,0,0,0,0,-7,0,0,0,0,0,0,0,0]} 1. d4 Nf6 2. c4 e6 3. Nf3 d5 4. g3 dxc4 5. Bg2 Bb4+ 6. Bd2 a5 7. O-O O-O {The position is equal. E04: Open Catalan: 5 Nf3.} 8. Qc2 Bxd2 9. Nbxd2 b5 $1 10. b3 cxb3 11. axb3 Bb7 12. Rfc1 c6 {[#]} 13. e4 $146 ({Predecessor:} 13. e3 Nbd7 14. Ne1 e5 15. Ndf3 e4 16. Ng5 c5 17. Nxe4 Bxe4 18. Bxe4 Nxe4 19. Qxe4 Nf6 20. Qe5 cxd4 21. exd4 Re8 22. Qxb5 Qxd4 23. Nf3 {½-½ (23) Hilby,C (2401)-Hong,A (2283) Irving 2017}) 13... h6 14. e5 Nd5 15. Ne4 Ra7 16. Nc5 Nd7 17. Nxb7 Rxb7 18. Qxc6 Qb8 (18... Rb6 $5 19. Qc2 Nb8 $11) 19. Nd2 ({Avoid the trap} 19. Rxa5 $2 Rc7 20. Qxc7 Nxc7 $19) 19... Rc7 20. Qd6 {aiming for Rxc7.} Rxc1+ 21. Rxc1 Qxd6 22. exd6 a4 23. bxa4 bxa4 24. Bxd5 {A balanced but interesting game.  Weighted Error Value: White=0.04 (flawless) /Black=0.02 (flawless)} 1/2-1/2

[Event "Charlotte Spring-A 2022"]
[Site "Charlotte"]
[Date "2022.03.20"]
[Round "8.1"]
[White "Dragun, Kamil"]
[Black "Lee, Michael"]
[Result "1/2-1/2"]
[WhiteElo "2590"]
[BlackElo "2379"]
[Annotator "TA"]
[PlyCount "73"]
[EventDate "2022.03.16"]
[EventType "tourn"]
[EventCountry "USA"]
[SourceTitle "playchess.com"]
[Source "ChessBase"]
[SourceQuality "1"]

{[%evp 13,73,-8,42,36,29,37,34,23,26,32,32,34,45,42,50,29,29,29,44,29,40,37,49,40,47,29,39,39,39,39,39,39,39,39,39,39,48,0,0,0,0,0,0,0,0,0,0,0,0,0,0,0,0,0,0,0,0,0,0,0,0,0]} 1. e4 c6 2. Nf3 d5 3. Nc3 Bg4 4. h3 Bxf3 5. Qxf3 e6 6. g3 Nf6 7. Bg2 dxe4 {Recently 7...Bb4 got a lot of attention.} (7... Bc5 $11) 8. Nxe4 $14 {B11: Caro-Kann: Two Knights Variation.} Nxe4 9. Qxe4 Qd5 10. O-O {White is slightly better.} Qxe4 11. Bxe4 Nd7 {[%cal Bb8d7,Bd7f6,Bf6d5][%mdl 32]} 12. d4 Nf6 13. Bf3 O-O-O 14. c3 Nd5 {[#]} 15. Kg2 $146 ({Predecessor:} 15. Bd2 c5 16. dxc5 Bxc5 17. Rad1 Rd7 18. c4 Nb6 19. Bc3 f6 20. b4 Be7 21. Rxd7 Nxd7 22. c5 {1-0 (40) Goumas,G (2378)-Chylewski,P (2268) Krakow 2018}) 15... Be7 16. Re1 Rd7 17. Bd2 Rhd8 18. Rad1 g6 19. b4 a6 20. a4 b5 21. Rc1 Rc7 22. Ra1 Kb7 23. Ra2 Ra8 24. Rc1 Nb6 25. axb5 (25. Bf4 $14 Rcc8 26. Bd1) 25... axb5 $11 {The position is equal.} 26. Rxa8 Kxa8 27. Bf4 Rc8 28. Ra1+ Kb7 29. Ra5 {[#] Rxb5 is the strong threat.} Nd5 30. Bxd5 exd5 {[%mdl 4096] Endgame KRB-KRB} 31. Ra2 Ra8 32. Re2 Bf8 33. g4 Kc8 $1 34. Re8+ Kb7 35. Re3 Kc8 $1 36. Re8+ Kb7 37. Re3 {Weighted Error Value: White=0.05 (flawless) /Black=0.05 (flawless)} 1/2-1/2

[Event "Charlotte Spring-A 2022"]
[Site "Charlotte"]
[Date "2022.03.20"]
[Round "8.2"]
[White "Bodek, Michael"]
[Black "Korley, Kassa"]
[Result "1/2-1/2"]
[WhiteElo "2418"]
[BlackElo "2399"]
[Annotator "TA"]
[PlyCount "87"]
[EventDate "2022.03.16"]
[EventType "tourn"]
[EventCountry "USA"]
[SourceTitle "playchess.com"]
[Source "ChessBase"]
[SourceQuality "1"]

{[%evp 14,87,-9,-13,-10,-16,-13,-16,-16,-25,-2,-9,-9,-16,-12,-14,-12,-26,-19,-23,-26,-44,-44,-39,-38,-40,-33,-43,-10,-13,-12,-17,-13,-12,-18,-10,-14,-8,-10,-40,0,0,0,0,0,0,0,0,18,0,44,18,13,0,0,0,0,-4,0,0,0,0,0,0,0,0,0,0,0,0,0,0,0,0,0,0]} 1. e4 e5 2. Nf3 Nf6 3. Nxe5 d6 4. Nf3 Nxe4 5. d3 Nf6 6. d4 d5 7. Bg5 Bd6 8. Bd3 Qe7+ {C01: French: Exchange Variation.} 9. Qe2 Qxe2+ 10. Bxe2 Ne4 11. Be3 Nd7 {[%cal Bb8d7,Bd7b6,Bb6d5,Bd5b4][%mdl 32]} 12. O-O O-O {[#]} 13. c4 $146 ({Predecessor:} 13. Nbd2) 13... dxc4 14. Bxc4 Nb6 15. Bd3 Nf6 16. Nc3 c6 17. Rac1 Nbd5 18. Rfe1 $1 h6 19. Bd2 Be6 {[%cal Bc8e6,Be6d5,Bd5f3][%mdl 32]} 20. Na4 Nb4 21. Bb1 Bd5 22. a3 Bxf3 23. Bxb4 Bxb4 24. axb4 Bd5 25. Nc5 b6 26. Ne4 Rfe8 27. Nxf6+ gxf6 28. f3 Kf8 29. Kf2 Rxe1 30. Rxe1 $11 {[%mdl 4096] Endgame KRB-KRB} Rd8 31. Ke3 Ke7 (31... a5 $11 {deserves consideration.}) 32. Kd2+ Kd6 {The position is equal.} 33. Kc3 Rg8 34. Re2 Rg5 35. Be4 Be6 36. g3 a5 37. bxa5 Rxa5 38. Re1 f5 39. Bd3 f4 40. g4 Bd5 41. Be4 Be6 42. Bd3 Bd5 43. Be4 Be6 44. Bd3 {Weighted Error Value: White=0.04 (flawless) /Black=0.05 (flawless)} 1/2-1/2

[Event "Charlotte Spring-A 2022"]
[Site "Charlotte"]
[Date "2022.03.20"]
[Round "8.3"]
[White "Mista, Aleksander"]
[Black "Liang, Jason"]
[Result "1-0"]
[WhiteElo "2551"]
[BlackElo "2419"]
[Annotator "TA"]
[PlyCount "141"]
[EventDate "2022.03.16"]
[EventType "tourn"]
[EventCountry "USA"]
[SourceTitle "playchess.com"]
[Source "ChessBase"]
[SourceQuality "1"]

{[%evp 9,141,0,1,0,16,0,0,-9,13,-25,-8,-12,29,20,9,16,16,20,12,0,0,0,33,0,0,0,41,27,26,0,45,55,33,5,23,0,24,22,45,16,16,11,18,0,0,0,0,0,0,-29,0,-29,0,-5,-8,-8,-23,-8,24,14,18,24,16,18,10,6,0,11,14,1,50,0,0,0,33,0,125,134,244,241,407,410,400,385,404,378,669,631,707,690,787,783,783,630,609,209,221,220,212,190,245,123,133,150,134,125,993,884,1001,1001,1001,1001,993,993,985,978,886,766,1394,1318,1125,1117,2571,1812,29959,29938,12838,12837,29980,29981,29989,29990,29990,29991]} 1. Nf3 d5 2. e3 Nf6 3. b3 Bf5 4. Bb2 e6 5. g3 h6 6. Bg2 {A06: Réti Opening: 1 Nf3 d5.} Be7 7. O-O O-O 8. d4 {The position is equal.} c5 9. Ne5 Nc6 {[#]} 10. c4 $146 ({Predecessor:} 10. Nxc6 bxc6 11. Nd2 cxd4 12. exd4 Rc8 13. Nf3 {½-½ (13) Luna Cortes,L (2143)-Mingo Fernandez,M (2189) Mislata 2011}) 10... Rc8 (10... cxd4 $142 11. exd4 Rc8) 11. cxd5 $11 exd5 12. Nxc6 bxc6 13. dxc5 Bxc5 14. Nc3 Re8 15. Na4 Bf8 16. Bd4 Ne4 17. Bxa7 Qa5 (17... Ba3 $11) 18. Bb6 $14 Qb5 19. Re1 Nc3 20. Nxc3 Qxb6 21. Na4 Qa5 22. Qe2 (22. Bf3 $5 {[%cal Rf3g4]}) 22... Ba3 23. Red1 Rcd8 {[%cal Od5d4]} 24. Qd2 Qa7 25. Qc3 Rc8 26. Qd4 Qe7 27. Bf1 Rcd8 28. Qc3 c5 29. Bg2 (29. Bb5 $5 {[%cal Rb5e8]} Rf8 30. Qd2 $11) 29... Be6 {[%cal Od5d4][%mdl 1024] Black has compensation.} (29... d4 $5 30. exd4 Bg4 $15) 30. Rd3 Qa7 (30... d4 $5 31. exd4 Bf5 $15) 31. Qc2 d4 {Inhibits Nc3.} 32. e4 $1 Bd7 33. Nb2 Bb5 {This bishop pair is nice.} 34. Nc4 Bb4 35. a4 Bc3 36. Rb1 Ba6 37. Rdd1 Qe7 38. f3 h5 39. Bf1 Qf6 (39... h4 $11) 40. Kg2 (40. f4 $14) 40... h4 $11 41. Bd3 Bc8 42. Qf2 Qe6 (42... g6 $1 $11) 43. gxh4 $16 Qh3+ {[#]} (43... Ba6 $16 {was worth a try.} 44. Qg3 Bb4) 44. Kh1 $1 $18 Qe6 $2 (44... Ba6 45. Rg1 Bxc4 46. Bxc4 d3) 45. Rg1 Qh6 46. Rg5 Be6 47. Rbg1 Bxc4 $2 (47... Kh8 48. Qg3 Rg8) 48. bxc4 (48. Bxc4 d3 $18) 48... Rb8 49. e5 {Strongly threatening Qg3.} Kf8 50. Qg3 {[%cal Rg5g7]} Bd2 51. Rxg7 {[%cal Oe5e6] White threatens e6! and mate.} Bf4 52. Rg8+ (52. Qg4 Bxe5 53. Rg5 (53. Rh7 Qf4 $16)) 52... Ke7 53. Rxe8+ Rxe8 54. Qg4 Rb8 (54... Bxe5 $142 55. a5 Kd6) 55. Re1 ({Better is} 55. Rg2 $18) 55... Rb2 $16 {[#]} 56. Re2 Rb3 57. Qf5 {a5 is the strong threat.} Rc3 $2 {[%mdl 8192] This costs Black the game.} (57... Be3 $16) 58. Rb2 $18 ({Less strong is} 58. e6 Rc1+ 59. Kg2 Qg6+ 60. Qxg6 fxg6 $16) 58... Rc1+ 59. Kg2 {White wants to mate with Rb7+.} Qg6+ 60. Qxg6 fxg6 {[%mdl 4096] Endgame KRB-KRB} 61. Ra2 Bxe5 62. a5 {[%cal Ba4a5,Ba5a6][%mdl 32]} Bb8 63. a6 {And now a7 would win.} Ba7 64. Rb2 Rc3 65. Rb7+ Kd6 66. Bxg6 Rxc4 67. Rxa7 Ra4 68. h5 {[%cal Bh4h5,Bh5h6][%mdl 32] h6 would kill now.} Ra2+ 69. Kg3 {White mates.} c4 70. h6 Rb2 71. Rb7 {Weighted Error Value: White=0.18 (very precise) /Black=0.29 (precise)} 1-0

[Event "Charlotte Spring-A 2022"]
[Site "Charlotte"]
[Date "2022.03.20"]
[Round "8.4"]
[White "Mishra, Abhimanyu"]
[Black "Guo, Arthur"]
[Result "0-1"]
[WhiteElo "2505"]
[BlackElo "2412"]
[Annotator "TA"]
[PlyCount "72"]
[EventDate "2022.03.16"]
[EventType "tourn"]
[EventCountry "USA"]
[SourceTitle "playchess.com"]
[Source "ChessBase"]
[SourceQuality "1"]

{[%evp 12,72,14,12,14,10,20,20,44,47,48,10,16,-11,44,27,22,16,54,53,43,9,-8,-4,0,-20,41,0,-7,-140,-127,-121,-125,-1277,-1260,-29988,-29989,-29993,-2664,-2647,-2007,-2632,-2652,-2513,-2521,-2238,-739,-738,-743,-751,-746,-754,-747,-752,-744,-756,-748,-753,-752,-770,-766,-810,-816]} 1. e4 e5 2. Nf3 Nc6 3. Bc4 Bc5 4. c3 Nf6 5. d3 d6 6. O-O h6 {now supersedes 6...0-0.} 7. Re1 a6 {C54: Giuoco Piano: 4 c3 Nf6, main lines with 5 d4 and 5 d3.} 8. a4 Ba7 9. Nbd2 g5 {The position is equal.} 10. b4 Nh7 11. Kh1 (11. Nb3 {is interesting.} g4 12. b5 axb5 13. axb5 Bxf2+ 14. Kxf2 Rxa1 15. Nxa1 gxf3 16. Qxf3 Qh4+ 17. Qg3) 11... O-O {[#]} 12. Rf1 $146 ({Predecessor:} 12. b5 Na5 13. d4 g4 14. Ng1 exd4 15. Bb2 Nxc4 16. Nxc4 Be6 17. b6 cxb6 18. Nd2 dxc3 19. Bxc3 {0-1 (39) Kramnik,V (2753)-So,W (2770) Paris 2021}) 12... Ne7 (12... Kh8 $11) 13. Bb2 Ng6 14. Ne1 g4 15. d4 c6 16. f3 g3 17. hxg3 Qg5 18. Kh2 d5 (18... Bb8 $11) 19. Bb3 (19. exd5 $14 Qh5+ 20. Kg1 exd4 21. cxd4 cxd5 22. Bb3) 19... Bb8 $11 {And now ...Nf6 would win.} 20. Nd3 (20. Kg1 $2 Qxg3 21. f4 Nxf4 $19) (20. exd5 $11 {keeps the balance.} Nf6 21. Rf2 (21. Kg1 Qxg3 22. Ne4 Nxe4 $17)) 20... Nf6 $1 $17 {[%cal Bh7f6,Bf6h5,Bh5g3][%mdl 32]} ({Resist} 20... exd4 21. f4 Qg4 22. exd5 $18 (22. Qxg4 Bxg4 23. Rae1 Nf6 $16)) 21. dxe5 Nxe5 22. Nf4 {[%mdl 8192] Inhibits Qh5+. Loses the game.} ({Not} 22. f4 $2 Nfg4+ 23. Kg1 Qh5 24. Qxg4+ Nxg4 $19) (22. Nxe5 $17 Bxe5 23. f4 Ng4+ 24. Kg1) 22... Nh5 $19 23. Ne2 {[#]} Nxg3 $1 {[%mdl 512]} 24. Nxg3 (24. Kg1 Nd3) 24... Qh4+ (24... Ba7 $142 25. Nf5 Bxf5 26. g4 Qh4+ 27. Kg2 Nd3 $1 28. f4 Bxg4 29. Qxg4+ Qxg4+ 30. Kh2 Qh4+ 31. Kg2 Kh7 32. Rf3 Rg8+ 33. Kf1 Qh2 $1 34. Rxd3 Rg1#) 25. Kg1 {Black is clearly winning.} Ba7+ 26. Rf2 Qxg3 {[%mdl 64] Pin} 27. Qe2 {[#]} Nd3 $1 {[%mdl 512] Strongly threatening ...Nf4.} 28. c4 (28. exd5 Nf4) 28... Qxf2+ (28... dxc4 $142 29. Nxc4 Bxf2+ 30. Kf1 {[#]} Bh3 $1 {[%mdl 512]} 31. Qxd3 Rad8) 29. Qxf2 Bxf2+ 30. Kf1 Nxb2 31. Kxf2 dxc4 32. Nxc4 Nxc4 33. Bxc4 Be6 34. Be2 f5 35. exf5 Bxf5 36. Rd1 Rad8 {Weighted Error Value: White=0.58/Black=0.38} 0-1

[Event "Charlotte Spring-A 2022"]
[Site "Charlotte"]
[Date "2022.03.20"]
[Round "8.5"]
[White "Panjwani, Raja"]
[Black "Ostrovskiy, Aleksandr"]
[Result "1-0"]
[WhiteElo "2436"]
[BlackElo "2409"]
[Annotator "TA"]
[PlyCount "115"]
[EventDate "2022.03.16"]
[EventType "tourn"]
[EventCountry "USA"]
[SourceTitle "playchess.com"]
[Source "ChessBase"]
[SourceQuality "1"]

{[%evp 9,115,27,27,24,18,20,28,25,33,25,58,25,25,22,21,27,24,29,23,28,29,22,21,14,20,16,26,26,32,29,40,57,80,80,115,115,120,114,116,112,188,187,194,197,227,227,218,224,224,209,218,158,163,160,141,104,112,65,59,54,68,62,33,33,118,60,66,14,20,16,11,15,115,123,320,281,409,391,378,359,354,354,542,423,388,339,720,719,714,697,650,625,664,645,2463,2118,29970,29970,5750,5734,29980,29981,29980,29982,29981,29981,29984,29983]} 1. Nf3 d5 2. d4 e6 3. c4 a6 4. Bg5 Be7 5. Bxe7 Qxe7 6. Nbd2 {D30: Queen's Gambit Declined: Systems without Nc3.} Nf6 7. g3 b6 8. Bg2 {White has an edge.} Bb7 9. O-O c5 10. Rc1 {[%cal Ba1c1,Bc1c4,Bc4d4,Bd4b4,Bb4b3][%mdl 32]} Nbd7 {[#]} 11. Ne5 $146 ({Predecessor:} 11. dxc5 bxc5 12. cxd5 exd5 13. b4 cxb4 14. Nb3 O-O 15. Na5 Rab8 16. Nd4 Ne5 17. Nxb7 Qxb7 {½-½ (41) Gukesh,D (2599)-Bharath,S (2435) Plovdiv 2021}) 11... cxd4 12. Nxd7 Qxd7 13. Nf3 dxc4 14. Rxc4 Qd8 {[%cal Oe6e5]} 15. Rxd4 ({Don't blunder} 15. Nxd4 $2 Bxg2 16. Nxe6 fxe6 $19) 15... Qc7 16. Qa4+ b5 17. Qb4 Rc8 18. Rfd1 Qe7 19. a4 Qxb4 20. Rxb4 Nd5 21. Rb3 Bc6 22. axb5 Bxb5 {[#] ...Ba4 is the strong threat.} 23. Nd4 $1 Ba4 24. Bxd5 Bxb3 (24... exd5 $16 {might work better.} 25. Re3+ Kd7) 25. Bxb3 $18 Ke7 26. Ba4 Rc7 27. Nc6+ Kf6 28. f4 g5 29. Kf2 h5 30. e4 {[%cal Be2e4,Be4e5][%mdl 32]} h4 31. e5+ Kg6 32. g4 {[%cal Of4f5] Strongly threatening f5+!} gxf4 {[#]} 33. Kf3 (33. h3 $1 $16) 33... Kg5 34. h3 Rhc8 35. Rd6 {White is much more active.} Rb7 36. b3 Rbc7 (36... Rcc7 $14) 37. Ke4 (37. b4 $16) 37... Rb7 $14 38. Rd3 (38. Kd3 $14) 38... Rb6 $1 $11 39. Rc3 Rb4+ 40. Rc4 Rb6 (40... Rxc4+ $11 {remains equal.} 41. bxc4 Rc7) 41. Kd3 $16 Rc7 $2 {Loses the game.} (41... Kh6 $16 42. Nd4 (42. Rxf4 Rcxc6 43. Bxc6 Rxc6 $14) 42... Rbb8) 42. Nd4 $18 Rxc4 (42... Rcb7 $142 43. Nf3+ Kh6 44. Rxf4 Kg7 45. Nxh4 Rb4) 43. Nf3+ ({Weaker is} 43. bxc4 f3 $16) 43... Kh6 44. bxc4 {Hoping for c5.} Rb4 45. Bc2 a5 (45... Kg7 $142 46. Nxh4 Rb2) 46. Kc3 Rb8 47. Nxh4 f6 $2 (47... Rh8 48. Nf3 Ra8) 48. exf6 {And now Nf3 would win.} Kg5 49. Nf3+ Kxf6 50. g5+ {[%cal Bg4g5,Bg5g6,Bg6g7][%mdl 32]} Ke7 51. h4 {[%cal Bh3h4,Bh4h5][%mdl 32]} Kd6 52. h5 e5 53. g6 a4 54. g7 {Intending h6 and mate.} a3 55. c5+ {White mates.} Kxc5 56. Bb3 e4 57. Nd2 e3 58. Nf3 {Weighted Error Value: White=0.12 (very precise) /Black=0.51} 1-0